| 000 | 00567cam a2200217ua 4500 | ||
|---|---|---|---|
| 020 |
_a0-7069-2880-6 _cRs 45.00 |
||
| 041 |
_aeng _h |
||
| 082 |
_a581.2 _bBIL/TE |
||
| 100 | _aBilgrami, K S . | ||
| 245 |
_aText book of modern plant pathology / _cK S Bilgrami. _hTextual Documents |
||
| 250 |
_a1 / _b. |
||
| 260 |
_aNew Delhi : _bVikas publishing house pvt ltd , _c1985. |
||
| 300 | _a344 ; . | ||
| 365 | _aRs 45.00 | ||
| 504 | _a | ||
| 700 | 1 | _aDube, H C . | |
| 942 | _cBK | ||
| 999 |
_c1905 _d1905 |
||